[Event "World ol U16"]
[Site "Eindhoven"]
[Date "2023.08.16"]
[Round "6.3"]
[White "Mamedov, Edgar"]
[Black "Manko, Mariya"]
[Result "1-0"]
[WhiteElo "2239"]
[BlackElo "2065"]
[PlyCount "109"]
[EventDate "2023.08.13"]
[EventType "team-swiss"]
[EventRounds "9"]
[EventCountry "NED"]
[SourceTitle "CBM 215 Extra"]
[Source "ChessBase"]
[SourceDate "2023.09.30"]
[SourceVersion "1"]
[SourceVersionDate "2023.09.30"]
[SourceQuality "1"]
[WhiteTeam "Kazakhstan"]
[BlackTeam "Switzerland"]
[WhiteTeamCountry "KAZ"]
[BlackTeamCountry "SUI"]

1. d4 Nf6 2. Nf3 c5 3. d5 g6 4. Nc3 Bg7 5. e4 d6 6. Bb5+ Bd7 7. a4 0-0 8. 0-0 Bxb5 9. axb5 Nbd7 10. Qe2 Ne8 11. Bf4 Nc7 12. h4 Nf6 13. Rfd1 Qd7 14. e5 Ng4 15. Re1 a6 16. b6 Nb5 17. Na4 Qf5 18. Bg3 c4 19. c3 Rac8 20. Rad1 Rfd8 21. e6 f6 22. Nd2 Ne5 23. Bxe5 fxe5 24. Nxc4 Qf4 25. b3 Qxh4 26. Qe4 Qg5 27. Rd3 Rf8 28. Rg3 Qh6 29. Rh3 Qf4 30. Rf3 Qg5 31. Na5 Rxf3 32. Qxf3 Rb8 33. Qd3 Qf4 34. g3 Qg4 35. Kg2 h5 36. Qe4 Qg5 37. b4 Bf6 38. Re3 Kg7 39. c4 Nd4 40. c5 h4 41. c6 bxc6 42. dxc6 h3+ 43. Kh2 d5 44. Qd3 e4 45. Qf1 Qe5 46. c7 Rh8 47. Qc1 Nf3+ 48. Kh1 h2 49. b7 Bg5 50. c8Q Bxe3 51. Qxe3 d4 52. Qf4 Qb5 53. Qf7+ Kh6 54. Qxh8+ Kg5 55. Qf4# 1-0

[Event "World ol U16"]
[Site "Eindhoven"]
[Date "2023.08.13"]
[Round "1.17"]
[White "Mwase, Mathew"]
[Black "Manko, Mariya"]
[Result "0-1"]
[WhiteElo "1676"]
[BlackElo "2065"]
[PlyCount "76"]
[EventDate "2023.08.13"]
[EventType "team-swiss"]
[EventRounds "9"]
[EventCountry "NED"]
[SourceTitle "CBM 215 Extra"]
[Source "ChessBase"]
[SourceDate "2023.09.30"]
[SourceVersion "1"]
[SourceVersionDate "2023.09.30"]
[SourceQuality "1"]
[WhiteTeam "Uganda II"]
[BlackTeam "Switzerland"]
[WhiteTeamCountry "UGA"]
[BlackTeamCountry "SUI"]

1. d4 Nf6 2. c4 c5 3. d5 b5 4. cxb5 a6 5. bxa6 g6 6. Nc3 Bg7 7. e4 0-0 8. a7 Rxa7 9. Nf3 e6 10. Be2 exd5 11. exd5 d6 12. 0-0 Na6 13. h3 Nc7 14. Bf4 Rb7 15. Qd2 Nfxd5 16. Nxd5 Rxb2 17. Bg5 Rxd2 18. Bxd8 Nxd5 19. Nxd2 Bxa1 20. Rxa1 Rxd8 21. a4 Nc3 22. Bf1 d5 23. a5 c4 24. a6 Bd7 25. a7 Ra8 26. Bxc4 dxc4 27. Nxc4 Na4 28. Nb6 Nxb6 29. Rb1 Nc8 30. Rb8 Rxa7 31. f4 Kg7 32. Kh2 Nd6 33. Rd8 Ne4 34. Rb8 Bc6 35. Rb2 h5 36. Rc2 Ba8 37. Rb2 h4 38. Kg1 Ra1+ 0-1

[Event "Mitropa Cup (Women)"]
[Site "Mali Losinj"]
[Date "2023.04.14"]
[Round "4.3"]
[White "Ivekovic, Tihana"]
[Black "Manko, Mariya"]
[Result "1/2-1/2"]
[WhiteElo "2094"]
[BlackElo "2140"]
[PlyCount "73"]
[EventDate "2023.04.11"]
[EventType "team-tourn"]
[EventRounds "9"]
[EventCountry "CRO"]
[SourceTitle "CBM 213 Extra"]
[Source "ChessBase"]
[SourceDate "2023.05.31"]
[SourceVersion "1"]
[SourceVersionDate "2023.05.31"]
[SourceQuality "1"]
[WhiteTeam "Croatia (W)"]
[BlackTeam "Switzerland (W)"]
[WhiteTeamCountry "CRO"]
[BlackTeamCountry "SUI"]

1. d4 Nf6 2. Nf3 c5 3. d5 g6 4. Nc3 Bg7 5. e4 d6 6. Bb5+ Bd7 7. a4 0-0 8. h3 Bxb5 9. axb5 Nbd7 10. 0-0 Ne8 11. Bf4 Nc7 12. Qe2 Nb6 13. Rad1 a6 14. bxa6 Rxa6 15. Qd3 Qd7 16. e5 Na4 17. Nxa4 Rxa4 18. Bg3 f6 19. exd6 exd6 20. b3 Ra3 21. Rfe1 b5 22. Qd2 b4 23. Qf4 Ra6 24. Nd2 g5 25. Qg4 Rd8 26. Nc4 h6 27. Ne3 Qxg4 28. hxg4 Kf7 29. Nf5 Bf8 30. Re2 Nb5 31. Re3 Ra2 32. Rd2 Ra1+ 33. Kh2 Rc1 34. Re6 Nc7 35. Re3 Nb5 36. Re6 Nc7 37. Re3 1/2-1/2

[Event "EU-ch 23rd"]
[Site "Vrnjacka Banja"]
[Date "2023.03.03"]
[Round "1"]
[White "Manko, Mariya"]
[Black "Gharibyan, Mamikon"]
[Result "0-1"]
[WhiteElo "2159"]
[BlackElo "2491"]
[PlyCount "78"]
[EventDate "2023.03.03"]
[EventType "swiss"]
[EventRounds "11"]
[EventCountry "SRB"]
[SourceTitle "CBM 213"]
[Source "ChessBase"]
[SourceDate "2023.04.30"]
[SourceVersion "1"]
[SourceVersionDate "2023.04.30"]
[SourceQuality "1"]

1. d4 Nf6 2. Nf3 e6 3. g3 d5 4. c4 Be7 5. Bg2 0-0 6. 0-0 a5 7. Nc3 c6 8. Ne5 Nbd7 9. Bf4 Nxe5 10. dxe5 Nd7 11. cxd5 exd5 12. e4 d4 13. Qxd4 Bc5 14. Qd2 Qe7 15. Kh1 Nxe5 16. Bxe5 Qxe5 17. f4 Qd4 18. Qe2 Be6 19. Rad1 Qc4 20. Qf3 f6 21. f5 Bf7 22. Rd7 Rad8 23. Rfd1 Rxd7 24. Rxd7 Qb4 25. Qe2 Bd4 26. a3 Qc5 27. Qd2 Be3 28. Na4 Qa7 29. Qd6 h5 30. e5 fxe5 31. Bxc6 Qa6 32. Bg2 Qe2 33. Qd1 Qxd1+ 34. Rxd1 Bd4 35. Nc3 Bb3 36. Rc1 Rxf5 37. Bxb7 Rf7 38. Ne4 Bxb2 39. Ng5 Bxc1 0-1